000 00518nam a2200157 4500
001 131211
003 ES-MaACL
005 20230906193933.0
007 t|
008 070214s1909 fr r ||||1| fre d
100 1 _aRodocanachi, Emmanuel.
_998153
245 1 3 _aLe chateau Saint-Ange
_b: travaux de défense, appartements des papes, siéges, prisonniers, exécutions, le trésor /
_cEmmanuel Rodocanachi.
260 _aParis :
_bFernand Schmidt,
_c1909.
300 _a290 p. ;
_c33 cm.
852 _aES-MaACL
_jF-13859
999 _c131211
_d131211